[Event "Challenge"]
[Site "http://www.queenalice.com/game.php?id=216034"]
[Date "2007.5.25"]
[Round "-"]
[White "Iwersen"]
[Black "luiz_renato"]
[Result "0-1"]
[WhiteElo "1586"]
[BlackElo "1100"]

1. e4 e5 2. Nf3 Nc6 3. Nc3 Nf6 4. Bc4 Bc5 5. O-O O-O 6. d3 h6 7. Nd5 d6 8. Nxf6+
Qxf6 9. h3 Be6 10. Bb5 Ne7 11. c3 a5 12. Ba4 Qg6 13. Kh1 f5 14. Nh4 Qf6 15. Nxf5
Bxf5 16. exf5 Nxf5 17. Be3 Bxe3 18. Qf3 Bc5 19. d4 exd4 20. Rae1 dxc3 21. bxc3
Qg5 22. Qxb7 Nh4 23. Re6 Rab8 24. Qc6 d5 25. g3 Qxg3 26. fxg3 Rxf1+ 0-1

[Event "Bola100 Tourney"]
[Site "http://www.queenalice.com/game.php?id=223670"]
[Date "2007.6.11"]
[Round "1"]
[White "Iwersen"]
[Black "davividal"]
[Result "0-1"]
[WhiteElo "1610"]
[BlackElo "1798"]

1. e4 e6 2. d4 d5 3. e5 c5 4. c3 Nc6 5. Nf3 Qb6 6. Be2 Bd7 7. O-O Be7 8. Nbd2 f6
9. Nb3 Rc8 10. c4 dxc4 11. Bxc4 cxd4 12. Nbxd4 Nxd4 13. b3 Nxf3+ 14. Qxf3 Qd4
15. Bf4 fxe5 16. Be3 Qd6 17. Qxb7 Nf6 18. Bxa7 O-O 19. Qf3 Nd5 20. Qg3 Nf4 21.
Rad1 Rxc4 22. Qxg7+ Kxg7 23. Rxd6 Bxd6 24. bxc4 Ra8 25. Be3 Ne2+ 26. Kh1 Rxa2
27. c5 Bb8 28. g3 Ra1 29. Kg2 Bc6+ 30. f3 Rxf1 31. Kxf1 Bxf3 32. Kf2 e4 33. c6
Nc3 34. Bd4+ e5 35. Bxc3 Kf6 36. Ba5 Bg4 37. Bb6 Bd6 38. Ke3 Bf5 39. h4 h5 40.
c7 Kg6 41. c8=Q Bxc8 42. Kxe4 Bb7+ 43. Ke3 Kf5 44. Kf2 Kg4 45. Be3 e4 46. Kg2
Bxg3 0-1

[Event "Challenge"]
[Site "http://www.queenalice.com/game.php?id=230826"]
[Date "2007.6.26"]
[Round "-"]
[White "Malboro"]
[Black "Iwersen"]
[Result "0-1"]
[WhiteElo "1192"]
[BlackElo "1623"]

1. e4 e5 2. Nf3 Nc6 3. c4 Nf6 4. Qa4 Nxe4 5. Nc3 Nf6 6. Nd5 Be7 7. Ng5 O-O 8.
Bd3 d6 9. Nxe7+ Qxe7 10. b4 Nd4 11. Bb1 Ng4 12. O-O Qxg5 13. h3 Nf6 14. Qa3 Nh5
15. Be4 Nf4 16. Qe3 Bxh3 17. Qg3 Nde2+ 18. Kh1 Nxg3+ 19. fxg3 Qxg3 20. Bb2 Bxg2+
21. Kg1 Bxe4# 0-1

[Event "Challenge"]
[Site "http://www.queenalice.com/game.php?id=231502"]
[Date "2007.6.27"]
[Round "-"]
[White "pcescritor"]
[Black "Iwersen"]
[Result "0-1"]
[WhiteElo "1725"]
[BlackElo "1602"]

1. e4 e5 2. Bc4 c6 3. Qf3 Nf6 4. d3 d5 5. exd5 cxd5 6. Bb3 Nc6 7. c3 Bg4 8. Qg3
Be6 9. Ba4 Bd6 10. Bg5 O-O 11. Nd2 Bf5 12. Bd1 Be7 13. Be2 Bg6 14. O-O-O a5 15.
f4 exf4 16. Bxf4 a4 17. h4 h5 18. Ndf3 Qb6 19. d4 Ne4 20. Qe1 Rac8 21. Rd3 Nb4
22. Re3 Nxa2+ 23. Kc2 Qb3+ 24. Kd3 Ng3+ 25. Kd2 Qc2# 0-1

[Event "Challenge"]
[Site "http://www.queenalice.com/game.php?id=279871"]
[Date "2007.10.1"]
[Round "-"]
[White "pcescritor"]
[Black "Iwersen"]
[Result "0-1"]
[WhiteElo "1810"]
[BlackElo "1625"]

1. e4 e5 2. Nf3 d6 3. Nc3 Be7 4. d4 exd4 5. Qxd4 Nf6 6. Nd5 Nc6 7. Bb5 Bd7 8.
Bxc6 Bxc6 9. Bg5 Bxd5 10. exd5 O-O 11. O-O-O Nd7 12. h4 Bf6 13. Qe4 Re8 14. Qf5
Ne5 15. h5 Nxf3 16. gxf3 Bxg5+ 17. Kb1 Bh6 18. Qg4 c6 19. Qg3 Qf6 20. dxc6 bxc6
21. Rxd6 Qe7 22. b3 Bg5 23. Rxc6 Bf6 24. Qg1 Rad8 25. Qc1 Qb4 26. Rg1 Qd4 27.
Rc4 Qa1# 0-1

[Event "Bola100 Tourney"]
[Site "http://www.queenalice.com/game.php?id=281166"]
[Date "2007.10.4"]
[Round "2"]
[White "ricardosf"]
[Black "Iwersen"]
[Result "0-1"]
[WhiteElo "1425"]
[BlackElo "1648"]

1. e4 e5 2. Bc4 Be7 3. Qh5 Nh6 4. d3 O-O 5. Bxh6 g6 6. Qxe5 Bf6 7. Qd5 c6 8. Qc5
d6 9. Bxf7+ Rxf7 10. Nf3 dxc5 11. O-O Bxb2 12. d4 Bxa1 13. dxc5 Bg4 14. Ne5 Bxe5
15. h3 Be6 16. f4 Bd4+ 17. Kh2 Bxc5 18. f5 Qd6+ 19. g3 Bxa2 20. Nc3 Qd2+ 21.
Bxd2 Bc4 22. Rb1 b6 23. Na4 Nd7 24. Nxc5 Nxc5 25. fxg6 Rf2+ 26. Kg1 Rxd2 27.
gxh7+ Kxh7 28. Rf1 Bxf1 29. Kxf1 Rf8+ 0-1

[Event "Challenge"]
[Site "http://www.queenalice.com/game.php?id=306028"]
[Date "2007.11.18"]
[Round "-"]
[White "Malboro"]
[Black "Iwersen"]
[Result "0-1"]
[WhiteElo "1225"]
[BlackElo "1655"]

1. d4 d5 2. e3 e6 3. Nc3 Bb4 4. Bb5+ c6 5. Bd3 Nf6 6. a3 Bxc3+ 7. bxc3 O-O 8. c4
Re8 9. Nf3 Nbd7 10. O-O e5 11. Ng5 e4 12. Be2 Rf8 13. a4 Nb6 14. Ba3 Re8 15. c5
Nc4 16. Bh5 g6 17. Be2 Nxa3 18. Rxa3 Nh5 19. a5 Qxg5 20. Bxh5 gxh5 21. Qf3 exf3
22. e4 Qxg2# 0-1

[Event "Bola100 Tourney"]
[Site "http://www.queenalice.com/game.php?id=318813"]
[Date "2007.12.12"]
[Round "3"]
[White "Iwersen"]
[Black "Ernani"]
[Result "1-0"]
[WhiteElo "1671"]
[BlackElo "2083"]

1. e4 d5 2. exd5 Qxd5 3. Nc3 Qa5 4. d4 c6 5. Nf3 Nf6 6. Bc4 Bf5 7. O-O e6 8. Re1
Nbd7 9. Bf4 Nh5 10. Bg5 h6 11. Be3 Bd6 12. Nh4 O-O-O 13. Qxh5 g6 14. Qe2 Bb4 15.
Nxf5 gxf5 16. Bf4 Bxc3 17. bxc3 Qxc3 18. a4 Qxd4 19. Be3 Qe5 20. a5 Nc5 21. c3
Rhg8 22. Bxc5 Qxc5 23. a6 b6 24. Rac1 Rg4 25. Ba2 Rdg8 26. g3 f4 27. Bxe6+ fxe6
28. Qxe6+ Kc7 29. Qf7+ Kc8 30. Qb7+ Kd8 31. Rcd1+ Qd5 32. Rxd5+ cxd5 33. Re7 1-0

[Event "Challenge"]
[Site "http://www.queenalice.com/game.php?id=324452"]
[Date "2007.12.22"]
[Round "-"]
[White "Feee"]
[Black "Iwersen"]
[Result "0-1"]
[WhiteElo "1603"]
[BlackElo "1657"]

1. e3 Nf6 2. d3 e5 3. a3 d5 4. h3 Nc6 5. Nf3 Bd6 6. d4 e4 7. Nfd2 O-O 8. c4 Ne7
9. c5 Bxc5 10. dxc5 c6 11. Nb3 Ng6 12. Be2 Nd7 13. O-O Nde5 14. Qc2 Nh4 15. Qc3
Qg5 16. g3 Nhf3+ 17. Kh1 Bxh3 18. N1d2 Bg4 19. Nxf3 Qh5+ 20. Nh2 Bf3+ 21. Bxf3
Nxf3 22. Kg2 Qxh2# 0-1

[Event "Challenge"]
[Site "http://www.queenalice.com/game.php?id=335814"]
[Date "2008.1.13"]
[Round "-"]
[White "Malboro"]
[Black "Iwersen"]
[Result "0-1"]
[WhiteElo "1225"]
[BlackElo "1665"]

1. Nf3 d5 2. d4 Nf6 3. Nc3 Bf5 4. g3 Nc6 5. Ne5 Nxe5 6. dxe5 Ne4 7. Nxd5 e6 8.
Nf4 Qxd1+ 9. Kxd1 Nxf2+ 10. Ke1 Nxh1 11. Bd2 Bc5 12. e3 O-O 13. b4 Bb6 14. b5
Bxc2 15. Rc1 Be4 16. Rc4 Bd5 17. Rc3 Bxa2 18. Bg2 Nxg3 19. hxg3 Rab8 20. Nh5 a6
21. Ra3 Bc4 22. bxa6 bxa6 23. Ra4 Bb5 24. Rb4 Ba5 25. Rd4 Bxd2+ 26. Kxd2 Rfd8
27. Rxd8+ Rxd8+ 28. Kc3 c5 29. Nf4 a5 30. Kb3 a4+ 31. Ka3 Rc8 32. g4 c4 33. Kb2
c3+ 34. Kb1 c2+ 35. Kc1 a3 36. Bd5 exd5 37. e6 a2 38. exf7+ Kxf7 39. g5 a1=Q+
40. Kd2 Qd1# 0-1

[Event "Bola100 Tourney"]
[Site "http://www.queenalice.com/game.php?id=357534"]
[Date "2008.2.20"]
[Round "4"]
[White "luiz_renato"]
[Black "Iwersen"]
[Result "1-0"]
[WhiteElo "1246"]
[BlackElo "1665"]

1. e4 e6 2. d4 d5 3. e5 c5 4. c3 Nc6 5. Nf3 f6 6. Bb5 Bd7 7. Bxc6 Bxc6 8. Be3
Bb5 9. dxc5 Qc7 10. a4 Bd7 11. exf6 Nxf6 12. b4 Be7 13. O-O O-O 14. Re1 Ng4 15.
Bd4 Bf6 16. h3 Bxd4 17. cxd4 Nf6 18. Nc3 Rae8 19. b5 a6 20. b6 Qf4 21. Ne2 Qf5
22. Ng3 Qg6 23. Ne5 Qg5 24. Rc1 Bc6 25. Nxc6 bxc6 26. Re5 Qg6 27. Qe2 a5 28.
Rxe6 Rc8 29. Qa6 Qf7 30. Re2 Ra8 31. Qd3 Kh8 32. f3 Ng8 33. Rce1 Qf4 34. Kf2 Nf6
35. Re7 Qh4 36. R1e3 Nh5 37. f4 Rxf4+ 38. Kg1 Raf8 39. Nxh5 Qxh5 40. b7 R4f7 41.
Re8 1-0

[Event "Challenge"]
[Site "http://www.queenalice.com/game.php?id=367306"]
[Date "2008.3.7"]
[Round "-"]
[White "pcescritor"]
[Black "Iwersen"]
[Result "1-0"]
[WhiteElo "1781"]
[BlackElo "1690"]

1. e4 e5 2. Nc3 Nf6 3. Nf3 Bb4 4. Nxe5 Bxc3 5. bxc3 Qe7 6. d4 Nxe4 7. Qf3 Nf6 8.
Be3 O-O 9. Ng4 Nxg4 10. Qxg4 d5 11. Qh5 Qf6 12. Bd3 g6 13. Qh6 Qg7 14. Qh4 Qh8
15. O-O Nd7 16. Bh6 Re8 17. Rfe1 Re6 18. Qd8+ Nf8 19. Qxf8# 1-0

[Event "Challenge"]
[Site "http://www.queenalice.com/game.php?id=367930"]
[Date "2008.3.8"]
[Round "-"]
[White "Danilo"]
[Black "Iwersen"]
[Result "1-0"]
[WhiteElo "1816"]
[BlackElo "1701"]

1. e4 e5 2. Nf3 d6 3. Bc4 Be7 4. d3 Nf6 5. Ng5 O-O 6. Nc3 Nc6 7. Be3 Bg4 8. f3
Bh5 9. g4 Bg6 10. h4 Nxg4 11. fxg4 Bxg5 12. Bxg5 Qd7 13. h5 h6 14. hxg6 hxg5 15.
gxf7+ 1-0

[Event "Challenge"]
[Site "http://www.queenalice.com/game.php?id=367939"]
[Date "2008.3.8"]
[Round "-"]
[White "Danilo"]
[Black "Iwersen"]
[Result "1-0"]
[WhiteElo "1751"]
[BlackElo "1678"]

1. e4 e5 2. Nf3 d6 3. Bc4 Be7 4. d3 Nf6 5. Ng5 O-O 6. h4 Bg4 7. f3 Bd7 8. g4 Nc6
9. h5 Na5 10. Bxf7+ Rxf7 11. Nxf7 Kxf7 12. g5 Ng8 13. f4 exf4 14. Bxf4 Bxg5 15.
Qf3 Ke8 16. Rg1 Bxf4 17. Qxf4 Nf6 18. Rxg7 Nc6 19. Nc3 Ne5 20. Nd5 Nxd5 21. Rg8+
1-0

[Event "Desafio Capivarense!"]
[Site "http://www.queenalice.com/game.php?id=398976"]
[Date "2008.5.6"]
[Round "-"]
[White "Iwersen"]
[Black "luiz_renato"]
[Result "0-1"]
[WhiteElo "1667"]
[BlackElo "1246"]

1. e4 e5 2. Nf3 d6 3. Nc3 Nc6 4. d3 Bg4 5. Be2 Be7 6. Nd5 Bxf3 7. Bxf3 Nf6 8.
Nxe7 Qxe7 9. Bg5 O-O-O 10. Qd2 h6 11. Be3 Kb8 12. O-O-O d5 13. exd5 Nxd5 14.
Rhe1 f5 15. g3 e4 16. dxe4 fxe4 17. Bxe4 Nb6 18. Bd3 Qf7 19. Bxb6 Qxa2 0-1

[Event "Revanche?"]
[Site "http://www.queenalice.com/game.php?id=413073"]
[Date "2008.6.4"]
[Round "-"]
[White "Iwersen"]
[Black "luiz_renato"]
[Result "0-1"]
[WhiteElo "1667"]
[BlackElo "1246"]

1. d4 d6 2. e4 Nf6 3. Nc3 g6 4. Nf3 Bg7 5. Bf4 O-O 6. Bc4 Bg4 7. Qe2 Nc6 8. Rd1
Nd7 9. Be3 e5 10. d5 Ne7 11. O-O f5 12. h3 fxe4 13. Nxe4 Bxf3 14. gxf3 h6 15.
Kh2 Nf5 16. Ng3 Nh4 17. Rg1 Nxf3+ 0-1

[Event "Challenge"]
[Site "http://www.queenalice.com/game.php?id=423258"]
[Date "2008.6.25"]
[Round "-"]
[White "Iwersen"]
[Black "pcescritor"]
[Result "1-0"]
[WhiteElo "1675"]
[BlackElo "1841"]

1. e4 e6 2. d4 d5 3. e5 Nc6 4. c4 Qh4 5. Nf3 Qe4+ 6. Be2 Bb4+ 7. Nc3 dxc4 8. O-O
Bxc3 9. bxc3 Qg6 10. Bxc4 h5 11. Bd3 f5 12. Nh4 Qg4 13. Qxg4 fxg4 14. Ng6 Rh7
15. Ne7 Rh8 16. Nxc8 h4 17. Nxa7 Nxa7 18. f3 g3 19. h3 Ne7 20. Bg5 Nac8 21. Bc4
Rh5 22. Be3 Nb6 23. Bxe6 Ned5 24. Bxd5 Nxd5 25. Bd2 O-O-O 26. a4 Rf5 27. c4 Nb6
28. c5 Nc4 29. Bc3 Ne3 30. Rfc1 Nd5 31. Bb2 Nf4 32. Rd1 Nd5 33. Re1 Nb4 34. Re2
Nd3 35. Bc3 g5 36. e6 Nxc5 37. dxc5 Rxc5 38. e7 Re8 39. Bf6 Rc6 40. Bxg5 Rc5 41.
Bxh4 Kd7 42. Rd1+ Kc6 43. Bxg3 Kb6 44. Bf2 1-0

[Event "Challenge"]
[Site "http://www.queenalice.com/game.php?id=424132"]
[Date "2008.6.27"]
[Round "-"]
[White "Iwersen"]
[Black "pierjean"]
[Result "1-0"]
[WhiteElo "1667"]
[BlackElo "1458"]

1. e4 Nc6 2. d4 e6 3. Nf3 f6 4. Bd2 d5 5. e5 Be7 6. Bd3 f5 7. Nc3 a6 8. Qe2 Bb4
9. a3 Be7 10. Na2 h6 11. Bc3 Bd7 12. Nd2 b6 13. Qh5+ Kf8 14. O-O Be8 15. Qh3 Qc8
16. Nf3 g5 17. Nd2 g4 18. Qg3 h5 19. f3 Qd8 20. fxg4 h4 21. Qf3 Nh6 22. gxf5 Bd7
23. fxe6+ 1-0

[Event "Challenge"]
[Site "http://www.queenalice.com/game.php?id=585414"]
[Date "2009.5.9"]
[Round "-"]
[White "JulioCG"]
[Black "Iwersen"]
[Result "0-1"]
[WhiteElo "1979"]
[BlackElo "1711"]

1. e4 c5 2. Nf3 Nc6 3. Bc4 e6 4. a3 d6 5. O-O Be7 6. d4 cxd4 7. Nxd4 Bd7 8. Be3
Nf6 9. Nc3 O-O 10. Nf3 h6 11. Bd3 Rc8 12. Ne2 e5 13. Ng3 Bg4 14. h3 Be6 15. Qc1
Nh7 16. Nh2 f5 17. exf5 Bd7 18. Ng4 Bh4 19. Nh5 Bxf5 20. Bxf5 Rxf5 21. Ng3 Bxg3
22. fxg3 Qd7 23. Rxf5 Qxf5 24. Bxh6 Nd4 25. Qd1 Qxc2 26. Be3 Ne2+ 27. Kh2 Rc6
28. Qd5+ Kh8 29. Rf1 Qg6 30. Bxa7 Nf6 31. Nxf6 Qxg3+ 32. Kh1 gxf6 33. Qf7 Nf4
34. Qxf6+ Kh7 35. Qf7+ Qg7 36. Qf5+ Kh6 37. g4 Qg6 38. Be3 Qxf5 39. gxf5 Kg5 40.
Bxf4+ exf4 41. f6 d5 42. f7 Rf6 43. Kg2 Rxf7 44. Kf3 Kf5 45. Rg1 Rh7 46. Rh1 d4
47. b4 d3 48. Kg2 Ke4 49. a4 Ke3 50. Rf1 Rg7+ 51. Kh2 d2 52. a5 f3 53. b5 Ke2
54. Kh1 Kxf1 0-1

[Event "Challenge"]
[Site "http://www.queenalice.com/game.php?id=618871"]
[Date "2009.7.14"]
[Round "-"]
[White "pcescritor"]
[Black "Iwersen"]
[Result "0-1"]
[WhiteElo "1836"]
[BlackElo "1689"]

1. e4 c5 2. d4 cxd4 3. Qxd4 Nc6 4. Qc4 e5 5. Nf3 h6 6. Bd2 Nf6 7. Nc3 Be7 8. Nd5
O-O 9. Be2 d6 10. b4 Be6 11. O-O Rc8 12. Qd3 Bxd5 13. exd5 Nb8 14. Nh4 b6 15.
Nf5 Qc7 16. Qg3 g6 17. Bxh6 Ne4 18. Nxe7+ Qxe7 19. Qg4 Nf6 20. Bxf8 Rxf8 21. Qh4
Kg7 22. Rad1 Rh8 23. Qg5 Qc7 24. Bd3 Nxd5 25. a3 Nf4 26. g3 Nh3+ 27. Kg2 Nxg5
28. Bc4 Qxc4 29. Rd2 Nc6 30. Rfd1 Qe4+ 31. Kg1 Nf3+ 0-1